000 00325nam a2200133 i 4500
001 bg
100 1 _aSZKUTNIK, Leon Leszek
245 0 _aEnglish Through Science Problems /
_cLeon Leszek Szkutnik.
260 _aWarszawa,
_c1971.
040 _cBPK
041 _apol
942 _cKS
008 s pl f |000 0 pol
999 _c7499
_d7499
856 _uhttp://koha.tu.koszalin.pl/cgi-bin/koha/opac-detail.pl?biblionumber=7499
_yKatalog online BPK